| Tag |
First Indicator |
Second Indicator |
Subfields |
| LEADER |
00000cam a2200000 4500 |
| 001 |
in00000096305 |
| 005 |
20170102125214.0 |
| 008 |
720515s1972 azua 00100 eng |
| 010 |
|
|
|a 70174993
|
| 020 |
|
|
|a 0873580826
|c $30.00
|
| 035 |
|
|
|a (OCoLC)00323679
|
| 035 |
|
|
|9 AAL2270AM
|
| 040 |
|
|
|a DLC
|c DLC
|d TXA
|d UtOrBLW
|
| 049 |
|
|
|a TXAM
|c [1331985]
|
| 050 |
0 |
0 |
|a TL760
|b .L49
|
| 082 |
0 |
|
|a 629.132/31/08
|
| 100 |
1 |
|
|a Lincoln, Joseph Colville.
|
| 245 |
1 |
0 |
|a On quiet wings ;
|b a soaring anthology.
|
| 264 |
|
1 |
|a Flagstaff, Ariz. :
|b Northland Press,
|c [1972]
|
| 300 |
|
|
|a xx, 397 pages :
|b illustrations ;
|c 28 cm.
|
| 336 |
|
|
|a text
|b txt
|2 rdacontent
|
| 337 |
|
|
|a unmediated
|b n
|2 rdamedia
|
| 338 |
|
|
|a volume
|b nc
|2 rdacarrier
|
| 580 |
|
|
|a The Cushing Library/Lowman/Book Design copy forms part of the Book Design Section of the Al Lowman Printing Arts Collection and Research Archive.
|
| 508 |
|
|
|a Designed by Robert Jacobson.
|
| 650 |
|
0 |
|a Gliding and soaring.
|
| 700 |
1 |
|
|a Jacobson, Robert,
|e designer.
|
| 710 |
2 |
|
|a Roswell Bookbinding,
|e binder.
|
| 773 |
0 |
|
|t Al Lowman Printing Arts Collection and Research Archive.
|
| 999 |
|
|
|a MARS
|
| 999 |
f |
f |
|s f1af2928-3b3f-3e86-ab74-f0e5c7112e7d
|i 9f5277e1-e239-3572-9c11-9fc45d26b0e6
|t 0
|
| 952 |
f |
f |
|p normal
|a Texas A&M University
|b College Station
|c Sterling C. Evans Library
|d Evans: Library Stacks
|t 0
|e TL760 .L49
|h Library of Congress classification
|i unmediated -- volume
|m A14805552960
|
| 952 |
f |
f |
|p noncirc
|a Texas A&M University
|b College Station
|c Cushing Memorial Library & Archives
|d Cushing: Lowman (Does not check out)
|t 0
|e TL760 .L49 1972
|h Library of Congress classification
|i unmediated -- volume
|
| 998 |
f |
f |
|a TL760 .L49
|t 0
|l Evans: Library Stacks
|
| 998 |
f |
f |
|a TL760 .L49 1972
|t 0
|l Cushing: Lowman (Does not check out)
|